00950nam a2200205 45000010008000000030006000080050017000140080041000310100017000720400018000890500017001070820008001241000024001322450087001562600037002433000019002803500010002995050421003096500014007303606490AUA.120160417115719.0730207s1972 txu 001 0 eng  a 72084170  aDLCcDLCdDLC00aBS1198b.R8700a2241 aRust, Eric Charles.10aCovenant and hope :ba study in the theology of the prophets /c[by] Eric C. Rust. aWaco, Tex.,bWord Books,c[1972] a192 p.c23 cm. a$5.95 a Hebrew prophetism and the emergence of the classical prophets -- Righteousness of God and the Day of Yahweh -- Covenant love of Yahweh -- Lord of history and the Holy One of Israel -- Hope of an individual covenant -- Divine presence and the re-creating Spirit -- Redeemer of Israel and the suffering servant -- Descent of the Spirit and the figure of the Son of Man -- Prophetic testimony as Christian revelation. 0aProphets.